Sports Quiz

Random Sports or Numbers Quiz

Retired Numbers Arithmetic Quiz Stats

Quiz not verified by Sporcle

Challenge
Share
Tweet
Embed
Score 0/0 Timer 00:00
0 Plays Today
Formula Player % Correct
Steve Young + Steve YoungJoe Montana
86.1%
Phil Rizzuto - Mickey MantleBabe Ruth
69.4%
Magic Johnson + 1Kareem Abdul-Jabbar
69.4%
Bobby Doerr + Carl YastrzemskiTed Williams
58.3%
Mark Messier x Glenn AndersonWayne Gretzky
55.6%
Brian Piccolo - 1Gale Sayers
52.8%
Michael Jordan + Bob Love Scottie Pippen
50%
Vinnie Johnson - Joe DumarsIsiah Thomas
50%
Dale Murphy + Eddie MatthewsHank Aaron
50%
Dave Concepcion - Joe Morgan Johnny Bench
44.4%
Cam Neely / Eddie ShoreBobby Orr
41.7%
Sandy Koufax / Sandy KoufaxPee Wee Reese
41.7%
Steve Yzerman - Alex DelvecchioGordie Howe
41.7%
George Gervin + Avery JohnsonDavid Robinson
36.1%
Lou Boudreau + Larry DobyBob Feller
36.1%
Formula Player % Correct
Mark Messier - Adam GravesBrian Leetch
36.1%
Charles Barkley - Billy CunninghamMoses Malone
36.1%
Ed Macauley x Robert ParishRobert Parish
33.3%
Dennis Eckersley - Rollie FingersReggie Jackson
33.3%
Stan Musial + Ken BoyerLou Brock
30.6%
Tuffy Leemans x Y.A. TittleLawrence Taylor
30.6%
Warren Moon x Earl CampbellEarl Campbell
30.6%
Dr. Jack Ramsay - Geoff PetrieBill Walton
27.8%
Fran Tarkenton + Jim MarshallCris Carter
25%
Don Fleming - Otto GrahamJim Brown
22.2%
Larry Dierker / Craig BiggioCraig Biggio
19.4%
Gino Marchetti - Art DonovanJohnny Unitas
19.4%
Keith Magnuson + Denis SavardStan Mikita
19.4%
Harold Baines ^ Nellie FoxMinnie Miñoso
11.1%
Doug Harvey + Howie MorenzMaurice Richard
11.1%

You're not logged in!

Compare scores with friends on all Sporcle quizzes.
Sign Up with Email
OR
Log In

You Might Also Like...

Show Comments

Extras

Top Quizzes Today


Score Distribution

Your Account Isn't Verified!

In order to create a playlist on Sporcle, you need to verify the email address you used during registration. Go to your Sporcle Settings to finish the process.

Report this User

Report this user for behavior that violates our Community Guidelines.

Details: